Les 20 meilleurs pays du monde en sciences - Statistiques

Statistiques générales
  • Ce quiz a été pris 747 fois
  • Le résultat moyen est 12 sur 20
Statistiques - réponses
Rang Pays % Correct
1 Chine
96%
17 Etats-Unis
95%
4 Japon
93%
15 Allemagne
86%
8 Canada
84%
7 Corée-du-Sud
81%
13 Royaume-Uni
79%
18 Suède
73%
16 Australie
69%
6 Finlande
64%
19 Belgique
58%
14 Pays-Bas
55%
10 Pologne
55%
11 Nouvelle-Zélande
45%
9 Taïwan
41%
2 Singapour
40%
5 Vietnam
36%
3 Estonie
29%
20 Tchéquie
28%
12 Slovénie
26%
Aucun quiz correspondant
Distribution des résultats
% des personnes avec chaque résultat
Percentile par nombre de réponses
Votre historique - résultats
Vous n’avez pas pris ce quiz